[Event "Moncada Cup-C"]
[Site "Santiago de Cuba"]
[Date "2018.03.22"]
[Round "4"]
[White "Cazulo Ramirez, Jesus David"]
[Black "Roll Renford, Evelio Amaurys"]
[Result "1/2-1/2"]
[WhiteElo "2210"]
[BlackElo "2191"]
[PlyCount "36"]
[EventDate "2018.03.20"]
[EventType "tourn"]
[EventRounds "10"]
[EventCountry "CUB"]
[SourceTitle "EXT 2021"]
[Source "ChessBase"]
[SourceDate "2020.10.23"]
[SourceVersion "1"]
[SourceVersionDate "2020.10.23"]
[SourceQuality "1"]

1. e4 e6 2. d4 d5 3. exd5 exd5 4. Qe2+ Qe7 5. Qxe7+ Bxe7 6. Bb5+ Bd7 7. Bxd7+ Nxd7 8. Nc3 Bb4 9. Nf3 Bxc3+ 10. bxc3 Ngf6 11. Rb1 0-0-0 12. 0-0 Ne4 13. Bd2 Nxd2 14. Nxd2 Rhe8 15. Rfe1 Nf6 16. Kf1 Rxe1+ 17. Rxe1 Re8 18. Rxe8+ Nxe8 1/2-1/2

[Event "Bayamo Cespedes tt"]
[Site "Bayamo"]
[Date "2018.03.06"]
[Round "10.2"]
[White "Lores Pulgares, Felix"]
[Black "Roll Renford, Evelio Amaurys"]
[Result "1/2-1/2"]
[WhiteElo "2158"]
[BlackElo "2191"]
[PlyCount "55"]
[EventDate "2018.03.01"]
[EventType "team-tourn"]
[EventRounds "10"]
[EventCountry "CUB"]
[EventCategory "1"]
[SourceTitle "CBM 195 Extra"]
[Source "ChessBase"]
[SourceDate "2020.05.31"]
[SourceVersion "1"]
[SourceVersionDate "2020.05.31"]
[SourceQuality "1"]

1. c4 c5 2. Nc3 Nf6 3. g3 d5 4. cxd5 Nxd5 5. Bg2 Nc7 6. Nf3 Nc6 7. 0-0 e5 8. d3 Be7 9. Nd2 0-0 10. Nc4 f6 11. Be3 Nd4 12. Rc1 Rb8 13. a4 b6 14. Bxd4 exd4 15. Nb5 a6 16. Na7 Bb7 17. Nc6 Bxc6 18. Bxc6 Nd5 19. Qb3 Kh8 20. Na3 Nb4 21. Bf3 Qd7 22. Nc2 Nxc2 23. Qxc2 f5 24. Qc4 f4 25. Qxa6 fxg3 26. hxg3 Rf6 27. Kg2 b5 28. Qa5 1/2-1/2

[Event "Bayamo Cespedes tt"]
[Site "Bayamo"]
[Date "2018.03.05"]
[Round "8.3"]
[White "Charon Mustelier, Manuel"]
[Black "Roll Renford, Evelio Amaurys"]
[Result "1/2-1/2"]
[WhiteElo "2149"]
[BlackElo "2191"]
[PlyCount "28"]
[EventDate "2018.03.01"]
[EventType "team-tourn"]
[EventRounds "10"]
[EventCountry "CUB"]
[EventCategory "1"]
[SourceTitle "CBM 195 Extra"]
[Source "ChessBase"]
[SourceDate "2020.05.31"]
[SourceVersion "1"]
[SourceVersionDate "2020.05.31"]
[SourceQuality "1"]

1. e4 c5 2. Nf3 Nc6 3. Bb5 d6 4. 0-0 Bd7 5. Re1 a6 6. Bf1 Nf6 7. c3 e5 8. h3 Be7 9. d4 cxd4 10. cxd4 0-0 11. Nc3 Rc8 12. Be3 b5 13. a4 b4 14. Nd5 a5 1/2-1/2

[Event "Bayamo Cespedes tt"]
[Site "Bayamo"]
[Date "2018.03.03"]
[Round "5.2"]
[White "Roll Renford, Evelio Amaurys"]
[Black "Lores Pulgares, Felix"]
[Result "1-0"]
[WhiteElo "2191"]
[BlackElo "2158"]
[PlyCount "63"]
[EventDate "2018.03.01"]
[EventType "team-tourn"]
[EventRounds "10"]
[EventCountry "CUB"]
[EventCategory "1"]
[SourceTitle "CBM 195 Extra"]
[Source "ChessBase"]
[SourceDate "2020.05.31"]
[SourceVersion "1"]
[SourceVersionDate "2020.05.31"]
[SourceQuality "1"]

1. e4 c5 2. Nf3 d6 3. d4 cxd4 4. Nxd4 Nf6 5. Nc3 a6 6. Bc4 e6 7. Be3 Be7 8. Qe2 0-0 9. f3 Nc6 10. 0-0-0 Qc7 11. g4 b5 12. Bb3 Nxd4 13. Bxd4 Nd7 14. h4 b4 15. Na4 Nc5 16. e5 dxe5 17. Bxe5 Qc6 18. Nxc5 Bxc5 19. h5 a5 20. Bc4 Ba6 21. Bxa6 Qxa6 22. Rd3 f6 23. Bd6 Qc8 24. Bxc5 Qxc5 25. Qxe6+ Kh8 26. h6 Qg5+ 27. Qe3 Qxe3+ 28. Rxe3 Rae8 29. Rxe8 Rxe8 30. hxg7+ Kxg7 31. Rh5 Ra8 32. Rd5 1-0

[Event "Bayamo Cespedes tt"]
[Site "Bayamo"]
[Date "2018.03.02"]
[Round "3.3"]
[White "Roll Renford, Evelio Amaurys"]
[Black "Charon Mustelier, Manuel"]
[Result "1/2-1/2"]
[WhiteElo "2191"]
[BlackElo "2149"]
[PlyCount "25"]
[EventDate "2018.03.01"]
[EventType "team-tourn"]
[EventRounds "10"]
[EventCountry "CUB"]
[EventCategory "1"]
[SourceTitle "CBM 195 Extra"]
[Source "ChessBase"]
[SourceDate "2020.05.31"]
[SourceVersion "1"]
[SourceVersionDate "2020.05.31"]
[SourceQuality "1"]

1. e4 e5 2. Nc3 d6 3. Bc4 Be7 4. d3 Nf6 5. Nf3 0-0 6. 0-0 Nc6 7. h3 Be6 8. Bb3 Bxb3 9. axb3 Nd7 10. d4 exd4 11. Nxd4 Nxd4 12. Qxd4 Bf6 13. Qd5 1/2-1/2

[Event "Bayamo Cespedes tt"]
[Site "Bayamo"]
[Date "2018.03.01"]
[Round "1.3"]
[White "Cantillo Barroso, Rafael"]
[Black "Roll Renford, Evelio Amaurys"]
[Result "1/2-1/2"]
[WhiteElo "2199"]
[BlackElo "2191"]
[PlyCount "84"]
[EventDate "2018.03.01"]
[EventType "team-tourn"]
[EventRounds "10"]
[EventCountry "CUB"]
[EventCategory "1"]
[SourceTitle "CBM 195 Extra"]
[Source "ChessBase"]
[SourceDate "2020.05.31"]
[SourceVersion "1"]
[SourceVersionDate "2020.05.31"]
[SourceQuality "1"]

1. e4 e5 2. Nf3 Nc6 3. Bb5 a6 4. Ba4 d6 5. c3 Bd7 6. 0-0 Nf6 7. Re1 g6 8. d4 Bg7 9. Bg5 h6 10. Bh4 0-0 11. Nbd2 Qe8 12. Bxf6 Bxf6 13. d5 Ne7 14. Bxd7 Qxd7 15. b4 Bg7 16. c4 f5 17. Rc1 Rf7 18. c5 Raf8 19. cxd6 cxd6 20. Rc3 g5 21. Qc2 fxe4 22. Rc7 Qg4 23. Nxe4 Nxd5 24. Rxf7 Rxf7 25. Nxd6 Rxf3 26. Qd1 Rf4 27. Qxd5+ Kh7 28. Qxb7 Rxb4 29. Qxa6 Rd4 30. Qc6 Qd1 31. Qe4+ Kg8 32. Nf5 Rxe4 33. Rxd1 Bf8 34. Ng3 Rc4 35. Rd2 Rc1+ 36. Nf1 Kf7 37. g3 Ke6 38. Kg2 Bc5 39. g4 Bd4 40. Ng3 Kd5 41. Nf5 Rc6 42. a4 Ra6 1/2-1/2

[Event "Ciudad Heroe"]
[Site "Santiago de Cuba"]
[Date "2018.02.20"]
[Round "6"]
[White "Roll Renford, Evelio Amaurys"]
[Black "Cazulo Ramirez, Jesus David"]
[Result "1/2-1/2"]
[WhiteElo "2200"]
[BlackElo "2212"]
[PlyCount "24"]
[EventDate "2018.02.15"]
[EventType "tourn"]
[EventRounds "7"]
[EventCountry "CUB"]
[SourceTitle "EXT 2021"]
[Source "ChessBase"]
[SourceDate "2020.10.23"]
[SourceVersion "1"]
[SourceVersionDate "2020.10.23"]
[SourceQuality "1"]

1. e4 e6 2. d4 d5 3. exd5 exd5 4. Nf3 Nf6 5. Nc3 Nc6 6. Qe2+ Qe7 7. Qxe7+ Bxe7 8. Bb5 Bb4 9. Bxc6+ bxc6 10. 0-0 Bxc3 11. bxc3 0-0 12. Bf4 Bf5 1/2-1/2

[Event "Camaguey Altuna Memorial tt 1st"]
[Site "Camaguey"]
[Date "2017.11.29"]
[Round "3.1"]
[White "Roll Renford, Evelio Amaurys"]
[Black "Romero Arzuaga, Yudel"]
[Result "1-0"]
[WhiteElo "2168"]
[BlackElo "2162"]
[PlyCount "51"]
[EventDate "2017.11.28"]
[EventType "team-tourn"]
[EventRounds "10"]
[EventCountry "CUB"]
[SourceTitle "EXT 2024"]
[Source "ChessBase"]
[SourceDate "2023.10.10"]
[SourceVersion "1"]
[SourceVersionDate "2023.10.10"]
[SourceQuality "1"]

1. e4 d5 2. exd5 Qxd5 3. Nc3 Qa5 4. d4 c6 5. Nf3 Bf5 6. Bc4 e6 7. 0-0 Nf6 8. Re1 Be7 9. Nh4 Bg4 10. Qd3 Nd5 11. Qg3 h5 12. Bd2 Nxc3 13. Bxc3 Qg5 14. Nf3 h4 15. Qxb8+ Rxb8 16. Nxg5 Bxg5 17. d5 cxd5 18. Bxd5 0-0 19. h3 Bf5 20. Be4 Bxe4 21. Rxe4 g6 22. Rd1 Rfd8 23. Rxd8+ Rxd8 24. Kf1 Be7 25. Rc4 Bd6 26. Bf6 1-0